A Difficult Super Mario Odyssey Quiz - Statistics

General Stats
  • This quiz has been taken 493 times
    490 since last reset
  • The average score is 4 of 11
Answer Stats
Question Answer % Correct
Which of these captures is NOT present in the kingdom of Darker Side? Parabones
73%
Which of these tricks is used currently in any% speedrunning? DSS
45%
Which of these speedrunners first completed the game in under an hour? Nicro
45%
When was Super Mario Odyssey released? October 27, 2017
42%
What is the "Million-Coin View"? The view of New Donk City at night from the top of the city hall
42%
In which of these kingdoms can infinite height NOT be achieved? Cap Kingdom
38%
Which of these is NOT a type of trickjump? Double
35%
Which of these actions will result in a net loss of coins if I had 100 coins to start with? Spiking the volleyball and then dying
35%
Which of the below facts is true? There are animals roaming in the volcanic plains of luncheon kingdom.
19%
Which of these is NOT a moon in Wooded kingdom? Above a High Cliff
15%
Which of these category extensions for Super Mario Odyssey is not real? All Costumes
15%
No matching quizzes found
Score Distribution
Percent of People with Each Score
Percentile by Number Answered
Your Score History
You have not taken this quiz since the last reset